| 000 | 00663nam a22002177a 4500 | ||
|---|---|---|---|
| 003 | OSt | ||
| 005 | 20170322134817.0 | ||
| 008 | 170322b xxu||||| |||| 00| 0 eng d | ||
| 020 | _a9781420073263 | ||
| 040 | _cDMLN | ||
| 082 | _aQV766 A31r 2011 | ||
| 100 |
_aEditors Roy, Upton [et...al] _911877 |
||
| 245 | _aAmerican Herbal Pharmacopoeia:botanical pharmacognosy-micropic characterization of botanical medicines | ||
| 260 | _aBoca Raton; CRC Press, 2011 | ||
| 300 | _axlvi,773p; col.ill:29cm | ||
| 504 | _aReferences, & index included | ||
| 650 |
_aHerbal medicine _92339 |
||
| 650 |
_aBotany _91777 |
||
| 650 |
_aPharmacognosy _911878 |
||
| 942 |
_2z _cSLOAN |
||
| 999 |
_c5708 _d5708 |
||